000 00774nam a2200229 a 4500
001 001063516
003 AM-YeHGA
005 20250617163013.0
008 150304s1910 ru r 000 0 rus d
040 _aAM-YeHGA
041 0 _arus
100 1 _aВеселовский, Юрий Алексеевич,
_d1872-1919
245 1 0 _aЛитературные очерки /
_cЮрий Веселовский.
250 _a2-е изд.
260 _aМосква :
_bТип. "Печатное дело" Ф.Н. Бурче,
_c1910.
300 _aтом ;
_c24 см.
505 0 0 _gТ. 1 (1910, [2], 546 c.) ;
_gТ. 2 (1910, 430 с.)
650 1 4 _aЛитературоведение
650 1 4 _aИстория литературы
942 _2udc
_cBK
090 _c502656
999 _c499246
_d499246